Re-forming capitalism (Record no. 476)
[ view plain ]
| 000 -LEADER | |
|---|---|
| fixed length control field | 02085nam a2200337 a 4500 |
| 082 04 - DEWEY DECIMAL CLASSIFICATION NUMBER | |
| Classification number | 330.943 |
| 100 1# - MAIN ENTRY--AUTHOR NAME | |
| Personal name | Streeck, Wolfgang, |
| 245 10 - TITLE STATEMENT | |
| Title | Re-forming capitalism |
| 260 ## - PUBLICATION, DISTRIBUTION, ETC. (IMPRINT) | |
| Place of publication | Oxford ; |
| -- | New York : |
| Name of publisher | Oxford University Press, |
| Year of publication | 2009. |
| 300 ## - PHYSICAL DESCRIPTION | |
| Number of Pages | xiii, 297 p. : |
| Other physical details | ill. |
| 505 0# - FORMATTED CONTENTS NOTE | |
| Formatted contents note | Five sectors -- Industry-wide collective bargaining : shrinking core, expanding fringes -- Intermediary organization : declining membership, rising tensions -- Social policy : the rise and fall of welfare corporatism -- Public finance : the fiscal crisis of the postwar state -- Corporate governance : the decline of Germany Inc. -- Systemic change : five parallel trajectories -- From system to process -- Endogenous change : time, age, and the self-undermining of institutions -- Time's up : positive externalities turning negative -- Disorganization as liberalization -- Convergence, non-convergence, divergence -- "Economizing'' and the evolution of political-economic institutions -- Internationalization -- German unification -- History -- Bringing capitalism back in. |
| 650 #0 - SUBJECT ADDED ENTRY--TOPICAL TERM | |
| Topical Term | Capitalism |
| 856 40 - ELECTRONIC LOCATION AND ACCESS | |
| Uniform Resource Identifier | http://site.ebrary.com/lib/rucke/Doc?id=10288482 |
No items available.
